BUBT Library Online Catalog

Legal System of Bangladesh / (Record no. 3132)

000 -LEADER
fixed length control field 00602nam a2200217Ia 4500
003 - CONTROL NUMBER IDENTIFIER
control field BUBTL
008 - FIXED-LENGTH DATA ELEMENTS--GENERAL INFORMATION
fixed length control field 151213s9999 xx 000 0 und d
020 ## - INTERNATIONAL STANDARD BOOK NUMBER
International Standard Book Number 984-32-502-2
082 ## - DEWEY DECIMAL CLASSIFICATION NUMBER
Classification number 349.5492 / K5276 / 2007
100 ## - MAIN ENTRY--PERSONAL NAME
Personal name Khan, MD. Ansar Ali
245 ## - TITLE STATEMENT
Title Legal System of Bangladesh /
Statement of responsibility, etc. MD. Ansar Ali Khan
250 ## - EDITION STATEMENT
Edition statement 1st ed
260 ## - PUBLICATION, DISTRIBUTION, ETC. (IMPRINT)
Place of publication, distribution, etc. Dhaka
Name of publisher, distributor, etc. National Law Book House
Date of publication, distribution, etc. c2007
300 ## - PHYSICAL DESCRIPTION
Extent [vii] , 450 p . :
Dimensions 22 cm .
650 ## - SUBJECT ADDED ENTRY--TOPICAL TERM
Topical term or geographic name as entry element Law
650 ## - SUBJECT ADDED ENTRY--TOPICAL TERM
Topical term or geographic name as entry element Law
9 (RLIN) 4253
700 ## - ADDED ENTRY--PERSONAL NAME
Personal name MD. Ansar Ali Khan
856 ## - ELECTRONIC LOCATION AND ACCESS
Password 0
Logon 0
Link text Download
942 ## - ADDED ENTRY ELEMENTS (KOHA)
Source of classification or shelving scheme
Koha item type Books
Holdings
Withdrawn status Lost status Source of classification or shelving scheme Damaged status Not for loan Collection code Permanent location Current location Shelving location Date acquired Source of acquisition Inventory number Total Checkouts Full call number Barcode Date last seen Copy number Price effective from Koha item type
          Non-fiction Bangladesh University of Business and Technology Library Bangladesh University of Business and Technology Library Law Stacks 01/26/2008 Purchase 5064   349.5492 / K5276 / 2007 BUBTL-20035064 10/07/2021 C-1 10/07/2021 Books
        Not For Loan Non-fiction Bangladesh University of Business and Technology Library Bangladesh University of Business and Technology Library Law Stacks 01/26/2008   5065   349.5492 / K5276 / 2007 BUBTL-20035065 10/07/2021 C-2 10/07/2021 Books
        Not For Loan Non-fiction Bangladesh University of Business and Technology Library Bangladesh University of Business and Technology Library Law Stacks 01/26/2008   5066   349.5492 / K5276 / 2007 BUBTL-20035066 10/07/2021 C-3 10/07/2021 Books

More Information About Library

Library Hours

  • Open: 9.00 am. to 9.00 pm.
  • Only Sunday: 9.00 am. to 6.00 pm.
  • Closed: Holiday

Contact to the University

Bangladesh University of Business and Technology Library

  • Mirpurl-2, 1216.
  • Phone:
  • Fax:
  • E-Mail: admin.library@bubt.edu.bd

Contact to the Library

Contact Person:

Md. Abdul Hakim Shah
Joint Librarian
PABX No:  113
Cell No: 01816332931
E-mail: official: admin.library@bubt.edu.bd
Personal: hakim.shah@bubt.edu.bd


BUBT Library

Copyright © 2021